Couleurs de drapeaux : le plus haut pourcentage - Statistiques

Statistiques générales
  • Ce quiz a été pris 61 fois
  • Le résultat moyen est 3 sur 11
Statistiques - réponses
Couleur
Pourcentage (%)
Réponse % Correct
Rouge 97% Chine
85%
Rose 0.1% Espagne
42%
Blanc 88% Afghanistan
34%
Vert 93% Arabie Saoudite
26%
Bleu 97% Micronésie
21%
Violet 0.3% Dominique
19%
Gris 2% Vatican
19%
Orange 39% Bhoutan
17%
Noir 48% Libye
13%
Jaune 53% Brunei
8%
Marron 6% Andorre
4%
Aucun quiz correspondant
Distribution des résultats
% des personnes avec chaque résultat
Percentile par nombre de réponses
Votre historique - résultats
Vous n’avez pas pris ce quiz